000 00839cam a2200193 4500
001 ABS60796
008 000000n1999 000 0 eng u
035 _a(Sirsi) u101291
100 _aPeet, C.
245 _aRent review clauses - keep them simple or pay the price.
260 _c1999
490 _aRent Review & Lease Renewal
_v(2) June 1999, 80-86(7)
520 _aExplores some of the areas of rent review drafting which have most frequently given rise to disputes and describes ways in which disputes might be avoided in future through careful drafting. The authors suggest that rent review clauses should be kept as simple as possible to avoid disputes later. (Taken from journal abstract).
650 _aRENT REVIEW
650 _aLEASES
690 _aLANDLORD AND TENANT-RENT REVIEWS
700 _aDollar, P.
942 _n0
999 _c60442
_d60442